Impact of employee compensation system on employee performance and satisfaction : (Record no. 231767)
[ view plain ]
| 000 -LEADER | |
|---|---|
| fixed length control field | 00747nam a22001937a 4500 |
| 003 - CONTROL NUMBER IDENTIFIER | |
| control field | OSt |
| 005 - DATE AND TIME OF LATEST TRANSACTION | |
| control field | 20240906101026.0 |
| 008 - FIXED-LENGTH DATA ELEMENTS--GENERAL INFORMATION | |
| fixed length control field | 240906b ||||| |||| 00| 0 eng d |
| 040 ## - CATALOGING SOURCE | |
| Transcribing agency | AIMIT LIBRARY |
| 100 ## - MAIN ENTRY--PERSONAL NAME | |
| Personal name | Jane, Reba. |
| Relator term | 2216158 |
| 9 (RLIN) | 178867 |
| 245 ## - TITLE STATEMENT | |
| Title | Impact of employee compensation system on employee performance and satisfaction : |
| Remainder of title | study at campco chocolate factory / |
| Statement of responsibility, etc. | By Reba Jane ; Guided by Swapna Rose. |
| 260 ## - PUBLICATION, DISTRIBUTION, ETC. | |
| Place of publication, distribution, etc. | Mangaluru ; |
| Date of publication, distribution, etc. | 2024. |
| 650 ## - SUBJECT ADDED ENTRY--TOPICAL TERM | |
| Topical term or geographic name entry element | Review of literature |
| 9 (RLIN) | 178868 |
| 650 ## - SUBJECT ADDED ENTRY--TOPICAL TERM | |
| Topical term or geographic name entry element | Research methodology |
| 9 (RLIN) | 178869 |
| 650 ## - SUBJECT ADDED ENTRY--TOPICAL TERM | |
| Topical term or geographic name entry element | Data analysis and interpretations |
| 9 (RLIN) | 178870 |
| 700 ## - ADDED ENTRY--PERSONAL NAME | |
| Personal name | Rose, Swapna. |
| Relator term | Guide |
| 9 (RLIN) | 178871 |
| 856 ## - ELECTRONIC LOCATION AND ACCESS | |
| Materials specified | Central arecanut and cocoa marketing and processing co operative limited |
| 942 ## - ADDED ENTRY ELEMENTS (KOHA) | |
| Source of classification or shelving scheme | Dewey Decimal Classification |
| Koha item type | Project Report |
| Withdrawn status | Lost status | Source of classification or shelving scheme | Damaged status | Not for loan | Collection code | Home library | Current library | Shelving location | Date acquired | Total Checkouts | Barcode | Date last seen | Copy number | Price effective from | Koha item type |
|---|---|---|---|---|---|---|---|---|---|---|---|---|---|---|---|
| Dewey Decimal Classification | Not for loan | Project Report MBA | St Aloysius Institute of Management & Information Technology | St Aloysius Institute of Management & Information Technology | Dissertations | 09/06/2024 | PRB02370 | 09/06/2024 | 2216158 | 09/06/2024 | Project Report |